The spirit of Islam : (Record no. 7212)
[ view plain ]
| 000 -LEADER | |
|---|---|
| fixed length control field | 00816cam a22002651a 4500 |
| 001 - CONTROL NUMBER | |
| JCCL Control Number | 7212 |
| 003 - CONTROL NUMBER IDENTIFIER | |
| JCCL marc code | BD - Jhcc |
| 005 - DATE AND TIME OF LATEST TRANSACTION | |
| control field | 20180418165219.0 |
| 008 - FIXED-LENGTH DATA ELEMENTS--GENERAL INFORMATION | |
| fixed length control field | 810709s1955 enk 001 0 eng |
| 035 ## - SYSTEM CONTROL NUMBER | |
| system control number | (BD - Jhcc)7212 |
| 040 ## - CATALOGING SOURCE | |
| Original cataloging agency | DLC |
| Transcribing agency | PPStCh |
| Modifying agency | TQG |
| -- | DLC |
| -- | BD - Jhcc |
| 041 ## - LANGUAGE CODE | |
| Language code of Book | eng |
| 050 00 - LIBRARY OF CONGRESS CALL NUMBER | |
| Classification number | BP161 |
| Item number | .A335 1955 |
| 082 ## - DEWEY DECIMAL CLASSIFICATION NUMBER | |
| Author mark and Year | ALI 1955 |
| Classification number | 297 |
| 100 1# - MAIN ENTRY--PERSONAL NAME | |
| Personal name | Ali, Syed Ameer, |
| Dates associated with a name | 1849-1928. |
| 245 14 - TITLE STATEMENT | |
| Title | The spirit of Islam : |
| Remainder of title | a history of the evolution and ideals of Islam, with a life of the Prophet / |
| Statement of responsibility, etc | Syed Ameer Ali, |
| 250 ## - EDITION STATEMENT | |
| Edition statement | [Rev. ed.] |
| 260 ## - PUBLICATION, DISTRIBUTION, ETC. (IMPRINT) | |
| Place of publication, distribution, etc | London : |
| Name of publisher, distributor, etc | Christophers |
| Date of publication, distribution, etc | [1955] |
| 300 ## - PHYSICAL DESCRIPTION | |
| Pagination | lxxi, 515 p. : |
| Other physical details | front. (facsim.) ; |
| Dimensions | 22 cm. |
| 504 ## - BIBLIOGRAPHY, ETC. NOTE | |
| Bibliography, etc | Bibliographical index: p. 513-515. |
| 600 00 - SUBJECT ADDED ENTRY--PERSONAL NAME | |
| Personal name | MuḼammad, |
| Titles and other words associated with a name | Prophet, |
| Dates associated with a name | -632. |
| 650 #0 - SUBJECT ADDED ENTRY--TOPICAL TERM | |
| Topical term or geographic name as entry element | Islam. |
| 942 ## - ADDED ENTRY ELEMENTS (KOHA) | |
| Source of classification or shelving scheme | Dewey Decimal Classification |
| Koha item type | Books |
| Source of classification or shelving scheme | Damaged status | Not for loan | Home library | Current library | Shelving location | Date of accession | Total Checkouts | Full call number | Barcode | Date last seen | Copy number | Koha item type |
|---|---|---|---|---|---|---|---|---|---|---|---|---|
| Dewey Decimal Classification | JCC Rouf Library | JCC Rouf Library | General Stacks | 04/17/2018 | 297 ALI 1955 | 9760 | 02/06/2018 | C - 1 | Books |